| 000 | 00535nam a22001937a 4500 | ||
|---|---|---|---|
| 008 | 131011b xxu||||| |||| 00| 0 ger d | ||
| 020 | _a9783486588958 | ||
| 041 | 0 | _ager | |
| 080 | _a174.4 | ||
| 100 | 1 | _aNagel, Kurt | |
| 245 | 1 | 0 |
_aKreativitätstechniken in Unternehmen : _cKurt Nagel |
| 260 |
_aMünchen : _bOldenbourg Verlag ; _c2009. |
||
| 300 |
_a150 f. : _bme il. ; _c24 cm. |
||
| 650 | 0 | _aEtika | |
| 650 | 0 | _aBiznesi | |
| 650 | 0 | _aEtika e biznesit | |
| 650 | 0 | _aTeknikat e kreativitetit | |
| 942 |
_2udc _cBK |
||
| 999 |
_c108 _d108 |
||